A közöny ellen [vers] /
Elmentve itt :
| Szerző: | |
|---|---|
| Dokumentumtípus: | Cikk |
| Megjelent: |
1966
|
| Sorozat: | Tiszatáj
20 No. 10 |
| Kulcsszavak: | Magyar irodalom - vers |
| Online Access: | http://tiszataj.bibl.u-szeged.hu/4340 |
| LEADER | 00559nab a2200181 i 4500 | ||
|---|---|---|---|
| 001 | tisza4340 | ||
| 005 | 20200330123812.0 | ||
| 008 | 170403s1966 hu o 0|| hun d | ||
| 022 | |a 0133-1167 | ||
| 040 | |a SZTE Tiszatáj Archívum |b hun | ||
| 041 | |a hun | ||
| 100 | 1 | |a Apor Péter | |
| 245 | 1 | 2 | |a A közöny ellen |h [elektronikus dokumentum] : |b [vers] / |c Apor Péter |
| 260 | |c 1966 | ||
| 300 | |a 799 | ||
| 490 | 0 | |a Tiszatáj |v 20 No. 10 | |
| 695 | |a Magyar irodalom - vers | ||
| 856 | 4 | 0 | |u http://tiszataj.bibl.u-szeged.hu/4340/1/tiszataj_1966_010_799c.pdf |z Dokumentum-elérés |